Statistics for Football Clubs then and now

Click here to take the quiz!

General Stats

  • This quiz has been taken 13 times
  • The average score is 7 of 15

Answer Stats

HintAnswer% Correct
Glasgow Rangers (Sco)Rangers
92%
Firenze (Ita)Fiorentina
75%
Newton Heath LYR (Eng)Manchester United
67%
Austria Salzburg (Aut)Red Bull Salzburg
67%
Thames Ironworks (Eng)West Ham United
67%
St. Mary's (Eng)Southampton
58%
Fortuna '54 (Ned)Fortuna Sittard
42%
Meadowbank Thistle (Sco)Livingston
42%
Geminal Ekeren (Bel)Beerschot
33%
Waterschei (Bel)Genk
25%
Rapid JC (Ned)Roda JC
25%
Spartak Vladikavkaz (Rus)Alania Vladikavkaz
17%
Amica Wronki (Pol)Lech Poznan
17%
Oswestry Town (Wal)The New Saints
17%
Omniworld (Ned)Almere City
8%

Score Distribution

Percentile by Number Answered

Percent of People with Each Score

Your Score History

You have not taken this quiz